Management concepts in Physical Education and sport: (Record no. 102595)

MARC details
000 -LEADER
fixed length control field 00972nam a22002417a 4500
005 - DATE AND TIME OF LATEST TRANSACTION
control field 20180305105323.0
010 ## - LCCN (DPL NO)
LC control number 1617EN ENG-117180
020 ## - INTERNATIONAL STANDARD BOOK NUMBER
International Standard Book Number 9788175247888
Terms of availability 1200.00
035 ## - SYSTEM CONTROL NUMBER
System control number B-652586-589
035 ## - SYSTEM CONTROL NUMBER
System control number B-667639
035 ## - SYSTEM CONTROL NUMBER
System control number EN-100712
037 ## - SOURCE OF ACQUISITION
Source of stock number/acquisition KKP
037 ## - SOURCE OF ACQUISITION
Source of stock number/acquisition DBAD/PUB
082 ## - DEWEY DECIMAL CLASSIFICATION NUMBER
Classification number 796.069
100 ## - MAIN ENTRY--PERSONAL NAME
Personal name Kamlesh, M.L.
245 ## - TITLE STATEMENT
Title Management concepts in Physical Education and sport:
Remainder of title second revised and updated edition /
Statement of responsibility, etc by M.L.Kamlesh
260 ## - PUBLICATION, DISTRIBUTION, ETC. (IMPRINT)
Place of publication, distribution, etc New Delhi
Name of publisher, distributor, etc Khel Sahitya Kendra
Date of publication, distribution, etc 2016
270 ## - ADDRESS
Address 7/26, Ansari Road, Darya Ganj
City New Delhi
Postal code 110002
300 ## - PHYSICAL DESCRIPTION
Extent x,441p.
Other physical details 27cm(HB)
942 ## - ADDED ENTRY ELEMENTS (KOHA)
Source of classification or shelving scheme Dewey Decimal Classification
Item type English Books
Classification part 796.069
Call number suffix KAM
Holdings
Withdrawn status Lost status Not for loan Collection code Home library Current library Date acquired Source of acquisition Cost, normal purchase price Full call number Barcode Copy number Cost, replacement price Koha item type
      Non-fiction Ashok Vihar Ashok Vihar 25/01/2017 DBAD/PUB 1200.00 796.069 KAM EN-100712 1 1200.00 English Books
      Non-fiction Ashok Vihar Ashok Vihar 05/03/2018 KKP/276/24.2.2017/458/15.2.2017/17.3.2017 1200.00 796.069 KAM B-667639 1 1200.00 English Books
      Non-fiction Bawana Bawana 21/02/2017 BPPD/EN/2016-17/292/24.11.16/BL192/26.11.16/4.1.17 1200.00 796.069 KAM B-652588 1 1200.00 English Books
    Not For Loan Reference Central Library Central Library 21/02/2017 BPPD/EN/2016-17/292/24.11.16/BL192/26.11.16/4.1.17 1200.00 796.069 KAM B-652586 1 1200.00 English Books
      Non-fiction New Police Line New Police Line 21/02/2017 BPPD/EN/2016-17/292/24.11.16/BL192/26.11.16/4.1.17 1200.00 796.069 KAM B-652587 1 1200.00 English Books
      Non-fiction Shahdara Branch Shahdara Branch 21/02/2017 BPPD/EN/2016-17/292/24.11.16/BL192/26.11.16/4.1.17 1200.00 796.069 KAM B-652589 1 1200.00 English Books

© Delhi Public Library
Hit Counter
free hit counter